[Event "Frankfurt Ch A 2016"]
[Site "Ffm-Höchst, BiKuZ"]
[Date "2016.06.13"]
[Round "7.31"]
[White "Masoudi, Kian"]
[Black "Stock, Jürgen"]
[Result "0-1"]
[WhiteElo "1361"]
[BlackElo "1780"]
[PlyCount "55"]
[EventDate "2016.??.??"]
[WhiteTeam "SC Bergen-Enkheim"]
[BlackTeam "SC Eschborn"]

1. e4 e6 2. d4 d5 3. Nc3 Nf6 4. e5 Nfd7 5. f4 c5 6. Nf3 Nc6 7. Be3 Qb6 8. Na4
Qa5+ 9. c3 cxd4 10. Nxd4 Nxd4 11. Bxd4 b5 12. b4 Qxa4 13. Qd2 a5 14. Bd3 axb4
15. Bc2 bxc3 16. Bxc3 Qa7 17. Bd4 Bc5 18. Bf2 Bxf2+ 19. Qxf2 Qxf2+ 20. Kxf2 O-O
21. h4 Nb6 22. h5 Bd7 23. g4 Rfc8 24. Bd3 Rc3 25. Ke2 Raa3 26. Rh3 d4 27. Rf3
Bc6 28. Rg3 0-1

[Event "Frankfurt Ch A 2016"]
[Site "Ffm-Höchst, BiKuZ"]
[Date "2016.06.13"]
[Round "7.32"]
[White "Neubauer, Robert"]
[Black "Götting, Ulrich"]
[Result "1-0"]
[WhiteElo "1773"]
[BlackElo "1652"]
[PlyCount "65"]
[EventDate "2016.??.??"]
[WhiteTeam "SK Bad Homburg"]
[BlackTeam "SC Bad Soden"]

1. e4 c5 2. Nf3 Nc6 3. d4 cxd4 4. Nxd4 g6 5. Nc3 Bg7 6. Be3 d6 7. Qd2 Nf6 8.
O-O-O Bd7 9. Kb1 O-O 10. Bh6 Nxd4 11. Bxg7 Kxg7 12. Qxd4 Bc6 13. f3 Kg8 14. g4
Nd7 15. h4 Qb6 16. Qd2 Kg7 17. Rh2 h6 18. g5 h5 19. f4 f5 20. exf5 Rxf5 21. Bh3
Rff8 22. Re2 Rae8 23. Rde1 Qd8 24. Qd4+ Kh7 25. f5 Ne5 26. fxg6+ Kxg6 27. Nd5
Bxd5 28. Qxd5 e6 29. Bxe6 Qe7 30. Qe4+ Kg7 31. Bb3 Rf3 32. Qxf3 Nxf3 33. Rxe7+
1-0

[Event "Frankfurt Ch A 2016"]
[Site "Ffm-Höchst, BiKuZ"]
[Date "2016.06.13"]
[Round "7.33"]
[White "Kautz, Thomas"]
[Black "Thede, Stefan"]
[Result "0-1"]
[WhiteElo "1714"]
[BlackElo "1645"]
[PlyCount "86"]
[EventDate "2016.??.??"]
[WhiteTeam "SK Niederbrechen"]
[BlackTeam "SV Frankfurt Nord"]

1. d4 Nf6 2. c4 g6 3. Nf3 Bg7 4. Nc3 O-O 5. e3 d6 6. Be2 c6 7. O-O Qc7 8. b3 e5
9. dxe5 dxe5 10. Bb2 Bf5 11. Qc1 Nbd7 12. Rd1 Rad8 13. Rd2 Nc5 14. b4 Rxd2 15.
Qxd2 Rd8 16. Qe1 Nd3 17. Bxd3 Bxd3 18. h3 Bxc4 19. a3 e4 20. Nd4 Bd3 21. Rc1
Qd6 22. Na4 Nd7 23. Qc3 Qd5 24. Qd2 Ne5 25. Nc3 Qd6 26. Kh1 f5 27. Na4 Nc4 28.
Rxc4 Bxc4 29. Qc3 Qd5 30. Nc5 Bxd4 31. exd4 b6 32. Na4 Bb5 33. Nc5 Kf7 34. Nb3
f4 35. Nd2 Bd3 36. Kg1 Ke6 37. f3 Kd6 38. fxe4 Bxe4 39. Nxe4+ Qxe4 40. d5 Qe3+
41. Qxe3 fxe3 42. dxc6 e2 43. Kf2 Re8 0-1

[Event "Frankfurt Ch A 2016"]
[Site "Ffm-Höchst, BiKuZ"]
[Date "2016.06.13"]
[Round "7.34"]
[White "Schmitt, Roland"]
[Black "Weiland, Thomas"]
[Result "1/2-1/2"]
[WhiteElo "1881"]
[BlackElo "1673"]
[PlyCount "113"]
[EventDate "2016.??.??"]
[WhiteTeam "SK Großsachsen"]
[BlackTeam "SV Oberursel"]

1. d4 f5 2. h3 Nf6 3. g4 d5 4. Qd3 e6 5. Nf3 Ne4 6. gxf5 exf5 7. Rg1 Nd7 8. Nc3
Ndf6 9. Ne5 c6 10. f3 Nxc3 11. Qxc3 Qb6 12. Nd3 Bd7 13. Bf4 Rg8 14. O-O-O O-O-O
15. a4 Re8 16. a5 Qd8 17. Nc5 Be6 18. a6 b6 19. Nb7 Qd7 20. e3 Bf7 21. b4 Re6
22. b5 Be8 23. Kd2 Qf7 24. Rb1 Bd7 25. Bd3 g6 26. Rb2 Ne8 27. Be5 g5 28. bxc6
Rxc6 29. Qb3 Nd6 30. Bxd6 Bxd6 31. Bb5 Bc7 32. Bxc6 Bxc6 33. Rbb1 Qf6 34. Qd3
h5 35. Rbf1 Re8 36. Re1 Re7 37. Kc1 f4 38. Kb1 fxe3 39. Rxe3 Rxe3 40. Qxe3 Bf4
41. Qc3 Kd7 42. Re1 Qf8 43. Qb3 h4 44. Kb2 Bg3 45. Re3 Bf2 46. Rd3 Qe7 47. Rd2
Be3 48. Rd3 Bf4 49. Qa3 Qe1 50. Qf8 Qc1+ 51. Kc3 Qa1+ 52. Kb3 Qa4+ 53. Kb2 Bb5
54. Qd8+ Ke6 55. Qg8+ Kf6 56. Qh8+ Kg6 57. Qg8+ 1/2-1/2

[Event "Frankfurt Ch A 2016"]
[Site "Ffm-Höchst, BiKuZ"]
[Date "2016.06.13"]
[Round "7.35"]
[White "Brehme, Ralf-Peter"]
[Black "Ackermann, Robert"]
[Result "1-0"]
[WhiteElo "1856"]
[BlackElo "1658"]
[PlyCount "63"]
[EventDate "2016.??.??"]
[WhiteTeam "Vorw.Orient Mainz"]
[BlackTeam "SC Bad Soden"]

1. f4 d5 2. Nf3 Nf6 3. g3 Bf5 4. Bg2 e6 5. O-O Be7 6. d3 O-O 7. Qe1 Nc6 8. c3
h6 9. h3 Rb8 10. Nbd2 d4 11. Nb3 dxc3 12. bxc3 Bh7 13. Bb2 a5 14. Rd1 a4 15.
Nc1 Na5 16. e4 c6 17. Ba1 b5 18. Ne5 Qc7 19. d4 b4 20. cxb4 Bxb4 21. Qe2 c5 22.
Ncd3 cxd4 23. Nxb4 Rxb4 24. Kh2 Rd8 25. Rc1 Qa7 26. Rfd1 Nd7 27. Qe1 Qb8 28.
Bxd4 Nf6 29. Ba7 Rxe4 30. Bxb8 Rxb8 31. Bxe4 Bxe4 32. Qxa5 1-0

[Event "Frankfurt Ch A 2016"]
[Site "Ffm-Höchst, BiKuZ"]
[Date "2016.06.13"]
[Round "7.37"]
[White "Spies, Wolfgang"]
[Black "Schellen, Sven"]
[Result "0-1"]
[WhiteElo "1647"]
[BlackElo "1763"]
[PlyCount "70"]
[EventDate "2016.??.??"]
[WhiteTeam "Kreuznacher SV"]
[BlackTeam "SF Frankfurt"]

1. e4 e5 2. f4 d5 3. exd5 e4 4. d3 Nf6 5. Nc3 Bb4 6. a3 Bxc3+ 7. bxc3 O-O 8. d4
Nxd5 9. c4 Nf6 10. Be2 c6 11. g3 Bf5 12. Be3 Na6 13. h3 b5 14. c3 Qa5 15. Qd2
h5 16. Kf2 Nc7 17. Qb2 Qa4 18. cxb5 cxb5 19. Bd1 Qc4 20. Bb3 Qc6 21. Ne2 Ncd5
22. Rac1 Qa6 23. c4 bxc4 24. Bxc4 Qd6 25. Qa2 Rac8 26. Nc3 Nxe3 27. Kxe3 Rfd8
28. Ne2 Rxc4 29. Qxc4 Qxa3+ 30. Nc3 Bxh3 31. Rc2 Rc8 32. Qe2 Rxc3+ 33. Rxc3
Qxc3+ 34. Kf2 Qxd4+ 35. Qe3 Ng4+ 0-1

[Event "Frankfurt Ch A 2016"]
[Site "Ffm-Höchst, BiKuZ"]
[Date "2016.06.13"]
[Round "7.39"]
[White "Bergner, Matthias"]
[Black "Rotermund, Verena"]
[Result "0-1"]
[WhiteElo "1571"]
[BlackElo "1731"]
[PlyCount "44"]
[EventDate "2016.??.??"]
[WhiteTeam "SV Neu-Isenburg"]
[BlackTeam "Vorw.Orient Mainz"]

1. d4 b6 2. Nf3 e6 3. g3 Bb7 4. Bg2 Nf6 5. e3 d5 6. O-O Bd6 7. b3 Qe7 8. a4 O-O
9. Ba3 c5 10. dxc5 bxc5 11. Nc3 a6 12. Qd2 e5 13. Nh4 d4 14. exd4 Bxg2 15. Nxg2
cxd4 16. Bxd6 Qxd6 17. Na2 Nc6 18. c3 Rfd8 19. cxd4 Nxd4 20. Qe3 Nc2 21. Qc3
Rac8 22. Qa5 Rc5 0-1

[Event "Frankfurt Ch A 2016"]
[Site "Ffm-Höchst, BiKuZ"]
[Date "2016.06.13"]
[Round "7.40"]
[White "Bittner, Peter"]
[Black "Bratmann, Marc"]
[Result "1/2-1/2"]
[WhiteElo "1713"]
[BlackElo "1601"]
[PlyCount "104"]
[EventDate "2016.??.??"]
[WhiteTeam "SC Nied"]
[BlackTeam "TuS Dotzheim"]

1. e4 c6 2. d4 d5 3. Nd2 dxe4 4. Nxe4 Nf6 5. Nxf6+ gxf6 6. Nf3 Bg4 7. Be2 e6 8.
c3 Bd6 9. Be3 Qc7 10. h3 Bh5 11. g4 Bg6 12. Nh4 Nd7 13. Nxg6 hxg6 14. Qc2 O-O-O
15. O-O-O Bf4 16. Qe4 Bxe3+ 17. Qxe3 Kb8 18. h4 f5 19. gxf5 exf5 20. Qg3 Nf6
21. Bf3 Nh5 22. Qxc7+ Kxc7 23. Rde1 Nf4 24. Kd2 Kd7 25. Re3 Rde8 26. a4 Rh7 27.
Rxe8 Kxe8 28. c4 Kd7 29. Ke3 Nh5 30. b4 Kd6 31. d5 cxd5 32. Bxd5 b6 33. Bf3 Ke5
34. Rd1 Nf6 35. Rd4 Rh8 36. Be2 Rc8 37. f4+ Ke6 38. Bf3 Rh8 39. c5 bxc5 40.
bxc5 Ke7 41. Bb7 Rd8 42. c6 Rxd4 43. Kxd4 Kd6 44. Ke3 Nd5+ 45. Kf3 Ne7 46. Ke3
Nxc6 47. Kd3 Nd8 48. Bf3 Ne6 49. Ke3 Ng7 50. Bd1 a5 51. Bb3 Ne6 52. Bd1 Ng7
1/2-1/2

[Event "Frankfurt Ch A 2016"]
[Site "Ffm-Höchst, BiKuZ"]
[Date "2016.06.13"]
[Round "7.41"]
[White "John, Volkmar"]
[Black "Krischak, Werner"]
[Result "0-1"]
[WhiteElo "1625"]
[BlackElo "1694"]
[PlyCount "58"]
[EventDate "2016.??.??"]
[WhiteTeam "SK Herborn"]
[BlackTeam "SK Marburg"]

1. e4 c6 2. d4 d5 3. exd5 cxd5 4. Bd3 Nc6 5. c3 Nf6 6. Bf4 e6 7. Nf3 Bd6 8.
Bxd6 Qxd6 9. O-O O-O 10. Qe2 a6 11. a4 Bd7 12. Nbd2 Rab8 13. Ne5 Ne7 14. f4 b5
15. Nxd7 Qxd7 16. axb5 axb5 17. Nf3 b4 18. Ne5 Qc7 19. g4 bxc3 20. bxc3 Qxc3
21. g5 Qxd4+ 22. Kh1 Rb2 23. Qf3 Ne4 24. Bxe4 Qxe4 25. Qxe4 dxe4 26. Rfe1 Rb4
27. Nd7 Rc8 28. Ra7 Nd5 29. Nc5 e3 0-1

[Event "Frankfurt Ch A 2016"]
[Site "Ffm-Höchst, BiKuZ"]
[Date "2016.06.13"]
[Round "7.42"]
[White "Zerhusen, Martin"]
[Black "Winter, Olaf"]
[Result "0-1"]
[WhiteElo "1684"]
[BlackElo "1587"]
[PlyCount "82"]
[EventDate "2016.??.??"]
[WhiteTeam "SV Oberursel"]
[BlackTeam "SK Bad Homburg"]

1. d4 e6 2. c4 g6 3. Nc3 Bg7 4. Nf3 d6 5. e3 Ne7 6. g3 b6 7. Bg2 Bb7 8. Bd2 Nd7
9. O-O O-O 10. Re1 a6 11. Rc1 c5 12. Ne2 Rc8 13. b3 Nf5 14. Bc3 Rc7 15. Nf4 Nf6
16. dxc5 dxc5 17. Qc2 Qa8 18. Nd2 Rd8 19. Bxb7 Qxb7 20. Nb1 g5 21. Ng2 g4 22.
Be5 Rcd7 23. Nf4 Ne4 24. Bxg7 Nxg7 25. Qe2 Ng5 26. Red1 Nf3+ 27. Kf1 Nxh2+ 28.
Kg1 Nf3+ 29. Kf1 h5 30. Rxd7 Rxd7 31. Qb2 h4 32. gxh4 Nxh4 33. Qc3 Qh1+ 34. Ke2
Qf3+ 35. Ke1 g3 36. fxg3 Qxg3+ 37. Ke2 Qg4+ 38. Kf2 Qf3+ 39. Ke1 Ngf5 40. Nd2
Qh1+ 41. Nf1 Ng3 0-1

[Event "Frankfurt Ch A 2016"]
[Site "Ffm-Höchst, BiKuZ"]
[Date "2016.06.13"]
[Round "7.43"]
[White "Worzelberger, Armin"]
[Black "Kiel, Gerhard"]
[Result "1-0"]
[WhiteElo "1810"]
[BlackElo "1466"]
[PlyCount "43"]
[EventDate "2016.??.??"]
[WhiteTeam "SC Grunbach"]
[BlackTeam "vereinslos"]

1. e4 g6 2. Bc4 a6 3. f4 b5 4. Bb3 Bb7 5. d3 Bg7 6. Nf3 e6 7. O-O Ne7 8. a4 c5
9. Nc3 b4 10. Ne2 Nbc6 11. Be3 d6 12. c3 Rc8 13. Ng5 bxc3 14. Bxe6 O-O 15. Nxf7
Rxf7 16. Qb3 Rb8 17. Bxf7+ Kf8 18. bxc3 Na5 19. Qa2 d5 20. Be6 dxe4 21. Bxc5
Qxd3 22. Bg8 1-0

[Event "Frankfurt Ch A 2016"]
[Site "Ffm-Höchst, BiKuZ"]
[Date "2016.06.13"]
[Round "7.44"]
[White "Lopez, Victor"]
[Black "Dohmes, Swidbert"]
[Result "1/2-1/2"]
[WhiteElo "1455"]
[BlackElo "1662"]
[PlyCount "79"]
[EventDate "2016.??.??"]
[WhiteTeam "SC Höchst"]
[BlackTeam "SV Hofheim"]

1. e4 e5 2. Nf3 Nc6 3. Bc4 Nf6 4. d3 Bc5 5. c3 d5 6. exd5 Nxd5 7. Bb5 O-O 8.
O-O Bg4 9. Nbd2 Nce7 10. Ne4 Bb6 11. h3 Bxf3 12. Qxf3 c6 13. Ba4 Ng6 14. Qh5
Ndf4 15. Bxf4 Nxf4 16. Qxe5 Bc7 17. Qf5 Qxd3 18. Bc2 g6 19. Nf6+ Kg7 20. Nh5+
Kg8 21. Qxd3 Nxd3 22. Bxd3 gxh5 23. h4 Rad8 24. Rad1 Kg7 25. Be2 Kg6 26. Bd3+
Kg7 27. Rfe1 Rfe8 28. Kf1 Re5 29. Rxe5 Bxe5 30. Be2 Rxd1+ 31. Bxd1 Kg6 32. Bf3
Bf4 33. Ke2 h6 34. Be4+ f5 35. Bf3 Bc1 36. b3 Bf4 37. a4 Be5 38. Kd3 Bc7 39.
Kd4 Bb6+ 40. Ke5 1/2-1/2

[Event "Frankfurt Ch A 2016"]
[Site "Ffm-Höchst, BiKuZ"]
[Date "2016.06.13"]
[Round "7.45"]
[White "Staeger, Tim"]
[Black "Richter, Wolfram"]
[Result "1-0"]
[WhiteElo "1621"]
[BlackElo "1510"]
[PlyCount "91"]
[EventDate "2016.??.??"]
[WhiteTeam "SF Frankfurt"]
[BlackTeam "SK Bad Sooden-Allendorf"]

1. e4 d6 2. d4 g6 3. Nf3 Bg7 4. Be3 c6 5. Bc4 Nf6 6. Nc3 b5 7. Bd3 Bg4 8. h3
Bd7 9. O-O Na6 10. a3 Nc7 11. Re1 a6 12. e5 dxe5 13. Nxe5 Be6 14. Nxc6 Qc8 15.
Qe2 Nfd5 16. Nxd5 Nxd5 17. Ne5 Ra7 18. Rac1 Rc7 19. c4 Nxe3 20. Qxe3 bxc4 21.
Nxc4 O-O 22. Ne5 Qb8 23. Rxc7 Qxc7 24. Rc1 Qb8 25. Nc6 Qd6 26. Bxa6 Bf6 27. b4
Bd5 28. b5 Ra8 29. Nb4 Be6 30. Qe4 Rd8 31. d5 Bf5 32. Qc4 Bg5 33. Rd1 e5 34.
Qc6 Qf8 35. d6 e4 36. d7 Qh6 37. Qc7 e3 38. fxe3 Bxe3+ 39. Kh1 Qh4 40. Nc6 Bg5
41. Nxd8 Bxd8 42. Qc3 g5 43. Qe1 Qa4 44. Qe8+ Kg7 45. Rf1 Qc4 46. Qe5+ 1-0

[Event "Frankfurt Ch A 2016"]
[Site "Ffm-Höchst, BiKuZ"]
[Date "2016.06.13"]
[Round "7.46"]
[White "Lanz, Jürgen"]
[Black "Ketting, Douwe"]
[Result "1/2-1/2"]
[WhiteElo "1554"]
[BlackElo "1451"]
[PlyCount "82"]
[EventDate "2016.??.??"]
[WhiteTeam "SC Hattersheim"]
[BlackTeam "SC Somborn"]

1. d4 Nf6 2. Nf3 g6 3. c4 Bg7 4. Nc3 d5 5. cxd5 Nxd5 6. Bd2 Nxc3 7. Bxc3 O-O 8.
e3 c5 9. Qb3 cxd4 10. Nxd4 a6 11. Be2 Nd7 12. O-O Qb6 13. Rac1 Qxb3 14. Nxb3
Bxc3 15. Rxc3 Rb8 16. Rc7 e6 17. Rfc1 Nb6 18. e4 Re8 19. h4 Na8 20. R7c3 Bd7
21. Na5 Rec8 22. Bf3 Rxc3 23. Rxc3 b5 24. Nc6 Re8 25. Ne5 Nb6 26. Nxd7 Nxd7 27.
Rc6 Nb8 28. Rc7 a5 29. Rc5 b4 30. Rxa5 Nc6 31. Rc5 Nd4 32. Rc4 Nxf3+ 33. gxf3
Rb8 34. Kf1 Rb5 35. e5 b3 36. a4 Rxe5 37. Rb4 Ra5 38. Ke2 Kg7 39. Kd3 Rf5 40.
Ke3 Ra5 41. Rf4 Rc5 1/2-1/2

[Event "Frankfurt Ch A 2016"]
[Site "Ffm-Höchst, BiKuZ"]
[Date "2016.06.13"]
[Round "7.47"]
[White "Lessmann, Sven"]
[Black "Popp, Matthias"]
[Result "0-1"]
[WhiteElo "1401"]
[BlackElo "1534"]
[PlyCount "44"]
[EventDate "2016.??.??"]
[WhiteTeam "SC Bad Soden"]
[BlackTeam "SC Bergen-Enkheim"]

1. d4 Nf6 2. Nf3 d6 3. c4 Nbd7 4. Nc3 g6 5. e3 Bg7 6. Bd3 O-O 7. O-O e5 8. d5
c6 9. e4 Nc5 10. Bc2 a5 11. Be3 cxd5 12. cxd5 b6 13. Qd2 Nh5 14. Bh6 Qd7 15.
Bxg7 Kxg7 16. Ne1 Nf4 17. Ne2 Nxe2+ 18. Qxe2 Ba6 19. Bd3 Nxd3 20. Nxd3 Qb5 21.
Rfd1 Rac8 22. Rac1 Rxc1 0-1

[Event "Frankfurt Ch A 2016"]
[Site "Ffm-Höchst, BiKuZ"]
[Date "2016.06.13"]
[Round "7.48"]
[White "Crnjac, Zdravko"]
[Black "Odabasi, Siddik"]
[Result "1-0"]
[WhiteElo "1516"]
[BlackElo "1393"]
[PlyCount "79"]
[EventDate "2016.??.??"]
[WhiteTeam "FV Berkersheim"]
[BlackTeam "Frankfurter TV"]

1. e4 e6 2. d4 d5 3. Nc3 dxe4 4. Nxe4 Nd7 5. Bd3 Ndf6 6. Bg5 Be7 7. Nf3 Nxe4 8.
Bxe7 Nxe7 9. Bxe4 Ng6 10. g3 Rb8 11. c3 b6 12. Qa4+ Bd7 13. Qxa7 O-O 14. Qa6
Re8 15. Qd3 e5 16. O-O-O exd4 17. Qxd4 Bb5 18. Qxd8 Rbxd8 19. Rxd8 Rxd8 20.
Bxg6 hxg6 21. Nd4 Ba6 22. Re1 Kf8 23. Nc6 Re8 24. Rxe8+ Kxe8 25. Kd2 Bb7 26.
Ne5 Ke7 27. Ke3 Ke6 28. Nd3 Kf5 29. f3 f6 30. h4 Ke6 31. g4 Ba6 32. Nf4+ Kf7
33. Nd5 Bc4 34. Nxc7 Bxa2 35. Kd4 Bb3 36. g5 Be6 37. f4 Bd7 38. Kd5 Ke7 39. c4
Bc8 40. Kc6 1-0

[Event "Frankfurt Ch A 2016"]
[Site "Ffm-Höchst, BiKuZ"]
[Date "2016.06.13"]
[Round "7.49"]
[White "Stulken, Dietmar"]
[Black "Koellner, Ulrich"]
[Result "0-1"]
[WhiteElo "1349"]
[BlackElo "1785"]
[PlyCount "72"]
[EventDate "2016.??.??"]
[WhiteTeam "SF Frankfurt"]
[BlackTeam "SV Hofheim"]

1. e4 c6 2. d4 d5 3. exd5 cxd5 4. c4 Nf6 5. Nf3 g6 6. cxd5 Bg7 7. Bb5+ Nbd7 8.
O-O O-O 9. Nc3 Nb6 10. Be3 a6 11. Be2 Nbxd5 12. Ne5 b5 13. Bf3 Bb7 14. a3 Rc8
15. Qd2 e6 16. Rac1 Qb6 17. Ne2 Nxe3 18. fxe3 Rxc1 19. Rxc1 Rd8 20. Bxb7 Qxb7
21. Qc3 Bh6 22. Kf1 Nd5 23. Qa5 Nxe3+ 24. Ke1 Rc8 25. Rxc8+ Qxc8 26. Kf2 Nd1+
27. Kf3 Nxb2 28. Qb4 Nc4 29. Ng4 Bg7 30. Qe7 h5 31. Nf6+ Bxf6 32. Qxf6 Qc6+ 33.
Kf2 Qd5 34. Nf4 Qf5 35. Qd8+ Kg7 36. Kg3 Qg4+ 0-1

[Event "Frankfurt Ch A 2016"]
[Site "Ffm-Höchst, BiKuZ"]
[Date "2016.06.13"]
[Round "7.50"]
[White "Fußnecker, Manfred"]
[Black "Lehmann, Gerit"]
[Result "1/2-1/2"]
[WhiteElo "1924"]
[BlackElo "1516"]
[PlyCount "138"]
[EventDate "2016.??.??"]
[WhiteTeam "SF Frankfurt"]
[BlackTeam "SF Frankfurt"]

1. e4 d5 2. exd5 Nf6 3. d4 Nxd5 4. Bc4 Nb6 5. Bb3 Nc6 6. Nf3 Bf5 7. O-O e6 8.
Nc3 Na5 9. Qe2 Nxb3 10. axb3 c6 11. Ra5 Be7 12. Bf4 O-O 13. Rfa1 a6 14. h3 Nd5
15. Nxd5 exd5 16. c3 Re8 17. Qd2 Bd6 18. Be3 h6 19. c4 Be4 20. Nh2 Bc7 21. R5a3
Re6 22. f3 Bh7 23. Nf1 Qh4 24. cxd5 cxd5 25. Bf2 Qe7 26. Rc1 Re8 27. Bg3 Bxg3
28. Nxg3 Re1+ 29. Kf2 Rxc1 30. Qxc1 Bd3 31. b4 Bb5 32. Qd2 Qe6 33. Re3 Qxe3+
34. Qxe3 Rxe3 35. Kxe3 g6 36. Kf4 f6 37. h4 Kf7 38. h5 Bd3 39. hxg6+ Kxg6 40.
Nh1 h5 41. Nf2 Bc2 42. Nh3 Bf5 43. g4 hxg4 44. fxg4 Bc2 45. Kg3 Kf7 46. Nf4 Be4
47. Ne2 Ke6 48. Kf4 Bd3 49. Nc3 Bc4 50. Na4 Ke7 51. Nc5 b6 52. Na4 a5 53. bxa5
bxa5 54. Nc5 Bb5 55. b3 Bc6 56. Kf5 Bb5 57. g5 fxg5 58. Kxg5 Bc6 59. Kf5 Kd6
60. Kf6 Ba8 61. Kf7 Bc6 62. Kf8 Ba8 63. Ke8 Kc6 64. Kd8 Kb5 65. Kc7 Kb4 66. Kb6
Kc3 67. Kxa5 Kxd4 68. Kb6 Kc3 69. b4 Kxb4 1/2-1/2

[Event "Frankfurt Ch A 2016"]
[Site "Ffm-Höchst, BiKuZ"]
[Date "2016.06.13"]
[Round "7.51"]
[White "Koch, Thomas"]
[Black "Rätsch, Kurt"]
[Result "0-1"]
[WhiteElo "1632"]
[BlackElo "1790"]
[PlyCount "92"]
[EventDate "2016.??.??"]
[WhiteTeam "SV Ffm-Griesheim"]
[BlackTeam "SF Schöneck"]

1. e4 e6 2. d4 d6 3. Nc3 Nf6 4. f4 Nbd7 5. e5 dxe5 6. fxe5 Ng8 7. Nf3 b6 8. Bc4
Bb7 9. d5 exd5 10. Bxd5 Nc5 11. O-O Bxd5 12. Nxd5 Ne6 13. Be3 c6 14. Nf4 Nxf4
15. Bxf4 Bc5+ 16. Kh1 Ne7 17. Qe1 O-O 18. Rd1 Qc8 19. Bg5 Ng6 20. b4 Be7 21.
Bxe7 Nxe7 22. Rd6 Nf5 23. Rd2 a5 24. a3 axb4 25. axb4 Ra3 26. Rd3 Rxd3 27. cxd3
Qd7 28. Qe4 g6 29. g4 Ng7 30. h3 f5 31. Qc4+ Kh8 32. Nd4 Rd8 33. Nxc6 b5 34.
Qxb5 Rc8 35. Rc1 fxg4 36. hxg4 Qxg4 37. Qc4 Qh3+ 38. Kg1 Qg3+ 39. Kh1 Nf5 40.
Qe4 Qg5 41. Qc4 Ng3+ 42. Kh2 Ne2 43. Qe6 Qg3+ 44. Kh1 Qf3+ 45. Kh2 Qf2+ 46. Kh3
Qg3# 0-1

[Event "Frankfurt Ch A 2016"]
[Site "Ffm-Höchst, BiKuZ"]
[Date "2016.06.13"]
[Round "7.54"]
[White "Grams, Thilo"]
[Black "Löhr, Holger"]
[Result "1-0"]
[WhiteElo "1388"]
[BlackElo "1556"]
[PlyCount "82"]
[EventDate "2016.??.??"]
[WhiteTeam "SC Ketsch"]
[BlackTeam "SF Braunfels"]

1. d4 Nf6 2. c4 g6 3. Nc3 Bg7 4. e4 d6 5. Nf3 O-O 6. Be2 e5 7. O-O Nc6 8. d5
Ne7 9. b4 a5 10. Ba3 Ne8 11. Rc1 h6 12. Ne1 f5 13. f3 f4 14. c5 g5 15. cxd6
cxd6 16. Qc2 h5 17. Nb5 Ng6 18. Nc7 Nxc7 19. Qxc7 Qf6 20. bxa5 Rd8 21. Bb5 g4
22. a6 b6 23. Qxb6 g3 24. h3 Qh4 25. Rxc8 Rdxc8 26. Bxd6 Nh8 27. Bd7 Rc1 28.
Be6+ Kh7 29. Qb7 Re8 30. Bxe5 Qg5 31. Bb2 Rb1 32. Nd3 Rxf1+ 33. Kxf1 Re7 34.
Qb8 Bxb2 35. Nxb2 Rxe6 36. dxe6 Qc5 37. Qb7+ Kh6 38. Nd3 Qc2 39. Qb3 Qc7 40. e7
Qxe7 41. Qb6+ Kh7 1-0

[Event "Frankfurt Ch A 2016"]
[Site "Ffm-Höchst, BiKuZ"]
[Date "2016.06.13"]
[Round "7.55"]
[White "Gude, Michael"]
[Black "Friedel, Thomas"]
[Result "1-0"]
[WhiteElo "1532"]
[BlackElo "1388"]
[PlyCount "83"]
[EventDate "2016.??.??"]
[WhiteTeam "SF Fürth"]
[BlackTeam "SV Groß-Gerau"]

1. e4 e5 2. Nf3 Nc6 3. Bc4 Bc5 4. c3 Nf6 5. d3 h6 6. a4 a5 7. Na3 O-O 8. O-O d6
9. h3 Ne7 10. Nc2 Ng6 11. Bd2 Bd7 12. b4 Bb6 13. b5 Nh5 14. Nxe5 Nhf4 15. Nxg6
Nxg6 16. Be3 c6 17. Bxb6 Qxb6 18. Nd4 c5 19. Nf3 Ne5 20. Nxe5 dxe5 21. f4 exf4
22. Rxf4 Be6 23. Qb3 Qd6 24. Rf3 b6 25. Raf1 Bxc4 26. Qxc4 Qe6 27. Qxe6 fxe6
28. Rxf8+ Rxf8 29. Rxf8+ Kxf8 30. d4 cxd4 31. cxd4 Ke7 32. Kf2 Kd6 33. Ke3 Ke7
34. h4 Kf6 35. g4 g5 36. hxg5+ hxg5 37. e5+ Ke7 38. Ke4 Kd7 39. d5 Ke7 40. dxe6
Kxe6 41. Kd4 Kd7 42. Kd5 1-0

[Event "Frankfurt Ch B 2016"]
[Site "Ffm-Höchst, BiKuZ"]
[Date "2016.06.13"]
[Round "7.1"]
[White "Wich, Manuela"]
[Black "Hagel, Stephan"]
[Result "0-1"]
[WhiteElo "1493"]
[BlackElo "1388"]
[PlyCount "30"]
[EventDate "2016.??.??"]
[WhiteTeam "Niederräder TG"]
[BlackTeam "SK Hungen"]

1. e4 c5 2. Nc3 d6 3. f4 Nc6 4. Bb5 Bd7 5. Nf3 g6 6. O-O Bg7 7. Qe1 Nf6 8. d3
Nd4 9. Bxd7+ Nxd7 10. Nxd4 cxd4 11. Ne2 Qc7 12. Qf2 Qxc2 13. f5 O-O-O 14. Nxd4
Qxf2+ 15. Rxf2 Bxd4 0-1

[Event "Frankfurt Ch B 2016"]
[Site "Ffm-Höchst, BiKuZ"]
[Date "2016.06.13"]
[Round "7.3"]
[White "Manasek, Martin"]
[Black "Brand, Achim"]
[Result "0-1"]
[WhiteElo "1311"]
[BlackElo "1335"]
[PlyCount "90"]
[EventDate "2016.??.??"]
[WhiteTeam "Bad Vilbeler Sfr"]
[BlackTeam "SVG Echzell"]

1. d4 d5 2. c4 dxc4 3. Nc3 c6 4. e4 b5 5. a3 Nf6 6. Nf3 Bg4 7. Be2 e6 8. O-O
Be7 9. Bg5 O-O 10. Bxf6 Bxf6 11. e5 Be7 12. h3 Bf5 13. Nh2 Qb6 14. Bf3 Rd8 15.
d5 cxd5 16. b3 Nc6 17. bxc4 bxc4 18. Re1 Bc5 19. Rf1 Nxe5 20. Na4 Qd6 21. Nxc5
Nxf3+ 22. Nxf3 Qxc5 23. Ng5 h6 24. Nf3 d4 25. Nh4 Bh7 26. Nf3 e5 27. Nd2 c3 28.
Qc2 Qd5 29. Nf3 e4 30. Nh2 Rac8 31. Ng4 h5 32. Nh2 d3 33. Qd1 c2 34. Qd2 Rb8
35. g4 Bg6 36. f4 exf3 37. Nxf3 hxg4 38. hxg4 Re8 39. Rfe1 Qxf3 40. Rxe8+ Rxe8
41. Re1 Qxg4+ 42. Kf1 Qh3+ 43. Kg1 Qg3+ 44. Kf1 Rxe1+ 45. Qxe1 Qxe1+ 0-1

[Event "Frankfurt Ch B 2016"]
[Site "Ffm-Höchst, BiKuZ"]
[Date "2016.06.13"]
[Round "7.4"]
[White "Giebitz, Walter"]
[Black "Both, Günter"]
[Result "0-1"]
[WhiteElo "1326"]
[BlackElo "1477"]
[PlyCount "56"]
[EventDate "2016.??.??"]
[WhiteTeam "SC Steinbach"]
[BlackTeam "SK Bischofsheim"]

1. e4 c5 2. Bc4 e6 3. Nc3 Nc6 4. d3 a6 5. a3 Nf6 6. f4 d5 7. exd5 exd5 8. Ba2
Bg4 9. Qd2 Qe7+ 10. Qe3 Qxe3+ 11. Bxe3 d4 12. Bxd4 Nxd4 13. Kd2 Be6 14. Re1 Kd7
15. Bxe6+ Nxe6 16. g3 Bd6 17. Nf3 h6 18. Ne5+ Bxe5 19. Rxe5 Rhe8 20. Na4 Kc6
21. Rhe1 b5 22. Nc3 Nd4 23. Rf1 Ng4 24. Rh5 g6 25. Rh4 h5 26. Ne4 f6 27. Ng5
Re2+ 28. Kc3 Rxc2# 0-1

[Event "Frankfurt Ch B 2016"]
[Site "Ffm-Höchst, BiKuZ"]
[Date "2016.06.13"]
[Round "7.5"]
[White "Schäfer, Dieter"]
[Black "Overkamp, Rüdiger"]
[Result "1-0"]
[WhiteElo "1326"]
[BlackElo "1198"]
[PlyCount "55"]
[EventDate "2016.??.??"]
[WhiteTeam "SV Ffm-Griesheim"]
[BlackTeam "SF Heidelberg"]

1. d4 d5 2. c4 dxc4 3. Nc3 Nf6 4. Bg5 Bf5 5. e3 Ne4 6. Bxc4 Nxg5 7. Nf3 Nxf3+
8. Qxf3 Be6 9. Bxe6 fxe6 10. Qxb7 Nd7 11. Nb5 Rb8 12. Nxc7+ Kf7 13. Qf3+ Kg8
14. Rc1 Rxb2 15. O-O Nf6 16. Nxe6 Qd5 17. Qxd5 Nxd5 18. Rc8 Kf7 19. Ng5+ Kf6
20. h4 Rxa2 21. Rc6+ Kf5 22. e4+ Kg4 23. exd5 Kxh4 24. Ne6 Ra5 25. Rc8 Rxd5 26.
g3+ Kg4 27. Kg2 Rf5 28. f3+ 1-0

[Event "Frankfurt Ch B 2016"]
[Site "Ffm-Höchst, BiKuZ"]
[Date "2016.06.13"]
[Round "7.6"]
[White "Grünzig, Matthias"]
[Black "Goodwin, David"]
[Result "1/2-1/2"]
[WhiteElo "1256"]
[BlackElo "1323"]
[PlyCount "125"]
[EventDate "2016.??.??"]
[WhiteTeam "FV Berkersheim"]
[BlackTeam "SV Kelsterbach"]

1. d4 g6 2. Nf3 Bg7 3. Bf4 d6 4. e3 Nf6 5. h3 a6 6. c4 c5 7. dxc5 Qa5+ 8. Qd2
Qxc5 9. Nc3 Bd7 10. Rc1 Qa5 11. Nd4 O-O 12. Be2 Nc6 13. Nb3 Qd8 14. Bf3 Rc8 15.
Ne2 b6 16. O-O Bf5 17. Bxc6 Rxc6 18. Nbd4 Ne4 19. Nxc6 Nxd2 20. Nxd8 Nxf1 21.
Nxf7 Rxf7 22. Kxf1 Bxb2 23. Rd1 Be6 24. Rb1 Ba3 25. Rxb6 Bxc4 26. Bh6 Rf5 27.
Rb8+ Kf7 28. Rf8+ Ke6 29. Rxf5 Kxf5 30. Ke1 Bb2 31. Kd2 Bxa2 32. f3 Bf6 33. g4+
Ke6 34. Nc3 Bxc3+ 35. Kxc3 d5 36. f4 Bb1 37. Bg7 Kd7 38. h4 e6 39. h5 Kc6 40.
hxg6 hxg6 41. g5 Kb5 42. Kb2 Bd3 43. Ka3 Be2 44. Bd4 Bd1 45. Bf6 Kc4 46. Bd4 a5
47. Bb6 Kd3 48. Bd4 Kc4 49. Bb6 a4 50. Bd4 Kd3 51. Kb2 Ke4 52. Ka3 Kf5 53. Be5
Ke4 54. Bd4 Bb3 55. Kb2 Kd3 56. Bc5 Kc4 57. Bd4 Kd3 58. Kc1 a3 59. Kb1 Kd2 60.
Ka1 Kc2 61. Bc5 Kd3 62. Bd4 Ke4 63. Kb1 1/2-1/2